Statistics for Biggest U.S. Cities by Letter - Y

Click here to take the quiz!

General Stats

  • This quiz has been taken 1,770 times
    (443 since last reset)
  • The average score is 6 of 14

Answer Stats

Population State Hint City % Correct
199,663New YorkBorders the BronxYonkers
90%
97,908Arizona3:10 to hereYuma
81%
64,958OhioRust BeltYoungstown
63%
44,118PennsylvaniaWar of the RosesYork
59%
93,884WashingtonApple growingYakima
52%
67,787CaliforniaRichard Nixon birthplace{Yorba} Linda
51%
27,534OklahomaNamed for a place in CanadaYukon
46%
20,995MichiganEastern Michigan UniversityYpsilanti
36%
66,992CaliforniaPrune Festival{Yuba} City
29%
21,726CaliforniaBorders Joshua Tree{Yucca} Valley
24%
14,700South DakotaNamed for a Sioux TribeYankton
16%
20,119IllinoisFox RiverYorkville
11%
53,682CaliforniaSan Bernardino CountyYucaipa
9%
14,077LouisianaCajunsYoungsville
8%

Score Distribution

Percentile by Number Answered

Percent of People with Each Score

Your Score History

You have not taken this quiz since the last reset